书目信息 |
| 题名: |
英语专业4级考试阅读周计划
|
|
| 作者: | 沈金伯 主编 | |
| 分册: | ||
| 出版信息: | 长春 吉林出版集团有限责任公司 2013.05 |
|
| 页数: | 256页 | |
| 开本: | 26cm | |
| 丛书名: | 星火·英语专业系列 | |
| 单 册: | ||
| 中图分类: | H319.37 | |
| 科图分类: | ||
| 主题词: | 英语--阅读教学--高等学校--教学参考资料 , 英语 , 阅读教学 | |
| 电子资源: | ||
| ISBN: | 978-7-5534-1683-0 | |
| 000 | 01084oam2 2200277 450 | |
| 001 | 012013072088 | |
| 005 | 20130911095137.07 | |
| 010 | @a978-7-5534-1683-0@dCNY29.80 | |
| 100 | @a20130705d2013 em y0chiy0110 ea | |
| 101 | 0 | @achi@aeng |
| 102 | @aCN@b220000 | |
| 105 | @ay z 000yy | |
| 106 | @ar | |
| 200 | 1 | @a英语专业4级考试阅读周计划@9ying yu zhuan ye 4 ji kao shi yue du zhou ji hua@e题源版@f沈金伯主编 |
| 210 | @a长春@c吉林出版集团有限责任公司@d2013.05 | |
| 215 | @a256页@d26cm | |
| 225 | 2 | @a星火·英语专业系列 |
| 330 | @a本书精选了专四考试阅读部分历年常选用的五大报刊(Reader’s Digest《读者文摘》,The Washington Post《华盛顿邮报》,Guardian《卫报》,Telegraph《每日电讯报》,Newsweek《新闻周刊》)最近几年的80篇文章,分为20套试题。并按照难易程度,分为四周,逐步进阶帮助考生。 | |
| 461 | 0 | @12001 @a星火·英语专业系列 |
| 606 | 0 | @a英语@x阅读教学@x高等学校@j教学参考资料 |
| 606 | 0 | @a英语 |
| 606 | 0 | @a阅读教学 |
| 690 | @aH319.37@v5 | |
| 701 | 0 | @a沈金伯@9shen jin bo@4主编 |
| 801 | 0 | @aCN@b人天书店@c20130705 |
| 905 | @b547507-10@dH319.37@e106@f4@xCNY29.80 | |
| 英语专业4级考试阅读周计划:题源版/沈金伯主编.-长春:吉林出版集团有限责任公司,2013.05 |
| 256页;26cm.-(星火·英语专业系列) |
| ISBN 978-7-5534-1683-0:CNY29.80 |
| 本书精选了专四考试阅读部分历年常选用的五大报刊(Reader’s Digest《读者文摘》,The Washington Post《华盛顿邮报》,Guardian《卫报》,Telegraph《每日电讯报》,Newsweek《新闻周刊》)最近几年的80篇文章,分为20套试题。并按照难易程度,分为四周,逐步进阶帮助考生。 |
| ● |
| 相关链接 |
|
|
|
|
正题名:英语专业4级考试阅读周计划
索取号:H319.37/106
 
预约/预借
| 序号 | 登录号 | 条形码 | 馆藏地/架位号 | 状态 | 备注 |
| 1 | 547507 | 205475074 | 第二样本阅览室/ [索取号:H319.37/106] | 在馆 | |
| 2 | 547508 | 205475083 | 第四借阅区/ [索取号:H319.37/106] | 在馆 | |
| 3 | 547510 | 205475109 | 第四借阅区/ [索取号:H319.37/106] | 在馆 |